Cheltenham's party / (Record no. 2075)

MARC details
000 -LEADER
fixed length control field 00884nam a2200265 a 4500
005 - DATE AND TIME OF LATEST TRANSACTION
control field 20240208102621.0
020 ## - INTERNATIONAL STANDARD BOOK NUMBER
International Standard Book Number 033500002014
040 ## - CATALOGING SOURCE
Original cataloging agency DLC
Transcribing agency DLC
Modifying agency DLC
Language of cataloging eng
050 00 - LIBRARY OF CONGRESS CALL NUMBER
Classification number PZ7.W1266
100 1# - MAIN ENTRY--PERSONAL NAME
Personal name Wahl, Jan.
245 10 - TITLE STATEMENT
Title Cheltenham's party /
Statement of responsibility, etc. by Jan Wahl illustrated by Lucinda McQueen
260 ## - PUBLICATION, DISTRIBUTION, ETC.
Place of publication, distribution, etc. New York :
Name of publisher, distributor, etc. Western Publishing Company,
Date of publication, distribution, etc. 1985
300 ## - PHYSICAL DESCRIPTION
Extent 24 unnumbered pages :
Dimensions 20 cm
500 ## - GENERAL NOTE
General note "A Golden book."
505 ## - FORMATTED CONTENTS NOTE
Formatted contents note I
520 ## - SUMMARY, ETC.
Summary, etc. When his owners leave for a birthday party, Cheltenham the cat decides to throw a party of his own and invites all the animals in the neighborhood.
521 ## - TARGET AUDIENCE NOTE
Target audience note 500
Source Lexile estimate
521 ## - TARGET AUDIENCE NOTE
Target audience note I
Source Raz-Plus
650 #1 - SUBJECT ADDED ENTRY--TOPICAL TERM
Topical term or geographic name entry element Parties
General subdivision Fiction.
650 #1 - SUBJECT ADDED ENTRY--TOPICAL TERM
Topical term or geographic name entry element Animals
General subdivision Fiction.
700 1# - ADDED ENTRY--PERSONAL NAME
Personal name McQueen, Lucinda
Relator term Illustrator
906 ## - LOCAL DATA ELEMENT F, LDF (RLIN)
a 7
b cbc
c orignew
d 2
e opcn
f 19
g y-gencatlg
942 ## - ADDED ENTRY ELEMENTS (KOHA)
Source of classification or shelving scheme Dewey Decimal Classification
Koha item type Books
Suppress in OPAC No
999 ## -
-- 2075
-- 2075
Holdings
Withdrawn status Lost status Source of classification or shelving scheme Damaged status Not for loan Collection Home library Current library Shelving location Date acquired Total Checkouts Full call number Barcode Date last seen Date last checked out Price effective from Koha item type
    Dewey Decimal Classification     Juvenile Fiction Footprints International School Library Network Toul Kork Campus Footprints International School Library Network Toul Kork Campus   11/03/2023 1 MCQ PZ7.W1266 FISBK00187 03/11/2024 02/26/2024 11/03/2023 Books